Comprendre la Belgique
I tiakina i:
| Kaituhi matua: | |
|---|---|
| Hōputu: | Pukapuka |
| Reo: | Wīwī |
| I whakaputaina: |
Verviers
Gérard
1969
|
| Rangatū: | Collection Marabout Service
|
| Ngā marau: | |
| Ngā Tūtohu: |
Tāpirihia he Tūtohu
Kāore He Tūtohu, Me noho koe te mea tuatahi ki te tūtohu i tēnei pūkete!
|
MARC
| LEADER | 00000nam a2200000 a 4500 | ||
|---|---|---|---|
| 001 | UCO2185 | ||
| 003 | CL-VaPUC | ||
| 008 | 000602e19690000BE |||||||||||||||||fre|d | ||
| 082 | 0 | 4 | |a 949.3 |b WIG |2 21 |
| 100 | 0 | |a Wigny, Pierre |e author |9 445117 | |
| 245 | 1 | 0 | |a Comprendre la Belgique |
| 300 | |a 186 p | ||
| 942 | |c BK | ||
| 945 | |d 20000602 00:00:00 |a rherrera | ||
| 260 | |a Verviers |b Gérard |c 1969 | ||
| 650 | 7 | |a HISTORIA DE BELGICA |2 CL-VaPUC |9 445118 | |
| 650 | 7 | |a CONSTITUCION 1830 |2 CL-VaPUC |9 445119 | |
| 650 | 0 | |a Vida cotidiana |9 322355 | |
| 651 | 7 | |a BELGICA |2 CL-VaPUC |9 315122 | |
| 583 | |a last modification |c 20000602 00:00:00 |k Rodrigo Vera | ||
| 490 | 0 | |a Collection Marabout Service | |
| 999 | |c 288724 |d 288722 | ||
| 952 | |0 0 |1 0 |4 0 |6 949_300000000000000_WIG_1969 |7 0 |8 A |9 336625 |a BIBHIS |b BIBHIS |d 2019-11-20 |i 1283251 |o 949.3 WIG 1969 |p 1283251 |r 2025-01-20 |w 2019-11-20 |y BK |k HIS | ||